000 00461nam a2200193Ia 4500
003 GCL
008 140319s9999 xx 000 0 eng d
040 _aGCL /
_cGCL
082 0 4 _a708
_bD M
100 1 _aDAVIDSON, J.S.B
245 1 0 _aMUSEE DU L'ERMITAGE /
_cDAVIDSON, J.S.B
260 _a[S.N] :
_bLENINGRAD
300 _a99 P
650 0 4 _aARTS
650 0 4 _aRUSSIA - MUSEUM
650 0 4 _aERMITAGE, MUSEUMS
650 0 4 _aART, RUSSIA
942 _2ddc
_cBK
999 _c19718
_d19718